000 00433nam a22001457a 4500
005 20180725151711.0
010 _aB-098836
020 _a8187649631
_c0.00
082 _aS
100 _aAmbai
245 _atwo novellas and a story :
_cby Ambai; translated by Aniruddan Vasudevan
_b manuscript a deer in the forest /
260 _aNew Delhi
_bUnpublished manuscript
_c2003
300 _a103p.
_c21cm(hb)
942 _2ddc
_cEN
_mAMB
_hS
999 _c154811
_d154811